000 00797ngm a2200181 i 4500
001 C2-0343721
003 PPAK
005 20180727222800.0
008 171119s2011 cau|||| ||||| | vleng d
040 _aPPAK
_beng
_cPPAK
_erda
245 1 0 _aFast & furious 5
264 1 _aCalifornia ; Ampang Selangor :
_bUniversal Pictures; HVN Entertainment Sdn. Bhd. (Malaysia Distributor) ,
_c2011
500 _aDVD, anamoprhics widescreen (2.35:1), Dolby Digital 5.1; region 3 ; Summary : Fugitive Dom Toretto (Diesel) partners with former cop Brian O'Conner (Walker) on the opposite side of the law in exotic Rio de Janeiro, Brazil. ; English,and T
700 _eauthor
700 1 _aLin, Justin,
_ecompile
700 1 _aWagner, Christian ; Matsumoto, Kelly ; Raskin, Red,
_eeditor
942 _2ddc
_cDVD
999 _c168055
_d168055